| 000 | 01715nam a2200385 a 4500 | ||
|---|---|---|---|
| 001 | 000024125 | ||
| 003 | DO-SdBNP | ||
| 005 | 20210326143304.0 | ||
| 007 | 000024125 | ||
| 008 | 110119s2013 dr b 000 0 spa d | ||
| 020 | _a9789945887747 (v. 1) | ||
| 020 | _a9789945887754 (v. 2) | ||
| 020 | _a9789945887761 (v. 3) | ||
| 040 |
_aBPMSU _bspa _cBPMSU |
||
| 082 | 4 |
_aR 016.97293 _bM938b |
|
| 100 | 1 |
_aMoya Pons, Frank _d1944- |
|
| 245 | 1 | 0 |
_aBibliografía de la historia dominicana : _b1730-2013 / _cFrank Moya Pons |
| 260 |
_aSanto Domingo : _bAcademia Dominicana de la Historia, _c2013. |
||
| 300 |
_a3 v. ; _c23 cm. |
||
| 490 | 1 |
_aAcademia Dominicana de la Historia _v108 |
|
| 500 | _aIncluye datos biográficos del autor en la solapa de la cubierta | ||
| 505 | 0 |
_gv. 1 _tRelación periódica y temática _gv. 2 _tRelación cronológica _gv. 3 _tRelación alfabética |
|
| 590 | _6Inventariado,2021/VM | ||
| 651 | 4 |
_aRepública Dominicana _xHistoria _yColonia, 1503-1844 |
|
| 651 | 4 |
_aRepública Dominicana _xHistoria _yAnexión a España, 1861-1863 _vBibliografía |
|
| 651 | 4 |
_aRepública Dominicana _xHistoria _yRestauración, 1863-1865 _vBibliografía |
|
| 651 | 4 |
_aRepública Dominicana _xHistoria _y1730-2010 _vBibliografía |
|
| 651 | 4 |
_aRepública Dominicana _xHistoria _xOcupación Norteamericana _y1916-1924 _vBibliografía |
|
| 651 | 4 |
_aRepública Dominicana _xHistoria _yEra de Trujillo, 1930-1961 _vBibliografía |
|
| 710 | _4Academia Dominicana de la Historia, (República Dominicana) | ||
| 830 |
_pAcademia Dominicana de la Historia, _v108 (República Dominicana) |
||
| 910 | _aVmateo / Validado. Control de calidad MFF | ||
| 942 |
_2ddc _cBK |
||
| 945 | _aInventariado / 2017 VM | ||
| 999 |
_c8044 _d8044 |
||